000 00826nam a2200253 a 4500
001 BRCA_5263
005 20190320205016.0
008 301110s1980----uk-a######---#000-0#eng-#
020 _a080481208X
041 _aeng
044 _aUk
050 4 _aNK4565
_b.M33 1980
100 1 _aMacintosh, Duncan
_913480
245 1 0 _aChinese Blue & White Porcelain
_cDuncan Macintosh.
260 _aGran Bretaña
_bCharles E. Tuttle Company
_c1980
300 _a152 p.
_bil. (algunas a color)
_c29 cm.
500 _aIncluye lista de ilustraciones e índice alfabético
500 _aDonación Dr. Héctor Rivero Borrell Váquez
504 _aBibliografía: p. 146-147
650 1 4 _aPorcelana, china
_yDinastías Ming-Qing, 1368-1912
_913481
650 1 4 _aComercio de vajillas de porcelana
_913482
902 _aDHR
942 _2lcc
_cB
999 _c4957
_d4957